| 000 | 00593nam a2200205Ia 4500 | ||
|---|---|---|---|
| 001 | 13202 | ||
| 003 | GE_BSU | ||
| 008 | 181216s||||||||xx |||||||||||||| ||und|| | ||
| 040 | _cGE_BSU | ||
| 080 | _a633.72(470) | ||
| 100 | _aДараселия,М.К.; Воронцов,В.В.;Гвасалия В.П. и др. | ||
| 245 | _aКультура чая в СССР | ||
| 260 | _aТбилиси | ||
| 260 | _bМецниереба | ||
| 260 | _c1989 | ||
| 300 | _a560стр.илл.20см. | ||
| 300 | _cБиблиогр.с.533-557 | ||
| 653 | _aКультура чая в СССР | ||
| 942 | _cBK | ||
| 999 |
_c46366 _d46366 |
||